000
00296nam a2200097 a 4500
005
20200930070805.0
008
110926s1915 000 spa d
245
0
_a
Condiciones generales para la construcción, reedificación y reparación de...
260
_a
Santo Domingo,
_c
1915.
999
_c
33609
_d
33609
040
_a
DO-SdBNP